书目信息 |
| 题名: |
汽车造型与空气动力学技术
|
|
| 作者: | 小林敏雄 , 農沢隆秀 主编 ;郭茂荣 译 | |
| 分册: | ||
| 出版信息: | 北京 机械工业出版社 2020.5 |
|
| 页数: | 145页 | |
| 开本: | 26cm | |
| 丛书名: | 汽车先进技术译丛 | |
| 单 册: | ||
| 中图分类: | U463.82 | |
| 科图分类: | ||
| 主题词: | 汽车--车体结构--结构设计--关系--空气动力学--研究 | |
| 电子资源: | ||
| ISBN: | 978-7-111-64993-9 | |
| 000 | 01253nam0 2200313 45 | |
| 001 | 012001002397 | |
| 005 | 20140914093017.0 | |
| 010 | @a978-7-111-64993-9@dCNY60.00 | |
| 100 | @a20200910d2020 em y0chiy50 ea | |
| 101 | 1 | @achi@cjpn |
| 102 | @aCN@b110000 | |
| 105 | @aa z 000yy | |
| 106 | @ar | |
| 200 | 1 | @a汽车造型与空气动力学技术@Aqi che zao xing yu kong qi dong li xue ji shu@b专著@f(日)小林敏雄,(日)農沢隆秀主编@g郭茂荣译 |
| 210 | @a北京@c机械工业出版社@d2020.5 | |
| 215 | @a145页@c图@d26cm | |
| 225 | 2 | @a汽车先进技术译丛@i日本汽车技术协会·汽车技术经典书系@v10 |
| 305 | @a由Asakura Publishing Company, Ltd.授权出版 | |
| 306 | @a本书限中国大陆发行 | |
| 330 | @a本书以结构设计的历史为背景,讲述流体力学与车身结合的技术、空气动力学、空气动力学的应用技术,进而尝试进行考虑到结构设计的空气动力学技术领域的体系化阐述。 | |
| 461 | 0 | @12001 @a汽车先进技术译丛 |
| 462 | 0 | @12001 @a日本汽车技术协会·汽车技术经典书系@v10 |
| 606 | 0 | @a汽车@x车体结构@x结构设计@x关系@x空气动力学@x研究 |
| 690 | @aU463.82@v5 | |
| 701 | 0 | @c(日)@a小林敏雄@Axiao lin min xiong@4主编 |
| 701 | 0 | @c(日)@a農沢隆秀@Anong ze long xiu@4主编 |
| 702 | 0 | @a郭茂荣@Aguo mao rong@4译 |
| 801 | 0 | @aCN@bBJSDL@c20211011 |
| 905 | @b1339570-3@dU463.82@e1089@f4 | |
| 汽车造型与空气动力学技术/(日)小林敏雄,(日)農沢隆秀主编/郭茂荣译.-北京:机械工业出版社,2020.5 |
| 145页:图;26cm.-(汽车先进技术译丛.日本汽车技术协会·汽车技术经典书系;10) |
| ISBN 978-7-111-64993-9:CNY60.00 |
| 本书以结构设计的历史为背景,讲述流体力学与车身结合的技术、空气动力学、空气动力学的应用技术,进而尝试进行考虑到结构设计的空气动力学技术领域的体系化阐述。 |
| ● |
| 相关链接 |
|
|
|
|
正题名:汽车造型与空气动力学技术
索取号:U463.82/1089
 
预约/预借
| 序号 | 登录号 | 条形码 | 馆藏地/架位号 | 状态 | 备注 |
| 1 | 1339570 | 213395707 | 第二样本阅览室/ [索取号:U463.82/1089] | 在馆 | |
| 2 | 1339571 | 213395716 | 第三借阅区/ [索取号:U463.82/1089] | 在馆 | |
| 3 | 1339572 | 213395725 | 第三借阅区/ [索取号:U463.82/1089] | 在馆 | |
| 4 | 1339573 | 213395734 | 第三借阅区/ [索取号:U463.82/1089] | 在馆 |